[Event "EU-Cup 18th"]
[Site "Kallithea"]
[Date "2002.09.28"]
[Round "7.2"]
[White "Motylev, Alexander"]
[Black "Polgar, Judit"]
[Result "0-1"]
[WhiteElo "2634"]
[BlackElo "2681"]
[Annotator "Rogozenco,D"]
[PlyCount "60"]
[EventDate "2002.09.22"]
[EventType "team-swiss"]
[EventRounds "7"]
[EventCountry "GRE"]
[SourceTitle "CBM 092"]
[Source "ChessBase"]
[SourceDate "2003.02.06"]
[SourceVersion "1"]
[SourceVersionDate "2003.02.06"]
[SourceQuality "1"]
[WhiteTeam "Tomsk 400"]
[BlackTeam "Warsaw Polonia"]
[WhiteTeamCountry "RUS"]
[BlackTeamCountry "POL"]

{[%mdl 1]} 1. e4 {Wells} c5 2. Nf3 Nc6 3. d4 cxd4 4. Nxd4 Qb6 5. Nb3 Nf6 6. Nc3
e6 7. Qe2 Bb4 8. Bd2 O-O 9. a3 Be7 10. O-O-O d5 (10... d6 {is more "sicilian".
On the other hand after 10...d6 White can easier organise the kingside attack,
since the center is not open yet.} 11. g4 a6 12. g5 Nd7 13. h4 Qc7 14. f4 b5
15. Kb1 b4 16. axb4 Nxb4 17. f5 Rb8 18. Bf4 exf5 19. exf5 Ne5 20. Bh3 Re8 21.
g6 $1 $36 {Anand,V-Kramnik,V/Mainz 2001 (blitz)}) 11. exd5 (11. Be3 Qc7 12.
exd5 Nxd5 13. Nxd5 exd5 14. g4 Ne5 15. h3 Nc4 16. Bd4 Be6 17. Bg2 Rfc8 18. Rhe1
Bf8 $13 {Konguvel,P-Sherbakov,R/Calcutta 2002}) (11. e5 Nd7 12. f4 a6 13. Qh5
f5 14. Bd3 Nd4 15. Nxd4 Qxd4 16. Rhe1 Qb6 17. Re3 g6 18. Qh6 Nc5 19. Rh3 Nxd3+
20. Rxd3 Rf7 {1/2-1/2 Mulyar,M-Yermolinsky,A/Seattle 2002}) 11... Nxd5 12. Nxd5
exd5 13. Bc3 (13. Be3 Qc7 {transposes into 11.Be3.}) (13. Qf3 Bf6 14. Be3 d4
15. Bf4 Be6 16. Bd3 Rfc8 17. Kb1 $13 {Gofshtein-Grivas, Panormo 2001 (rapid)})
13... Be6 14. Qf3 Rac8 15. Qg3 g6 16. h4 {Here and on the next move I would
rather prefer to block the d-pawn with Nd4.} (16. Nd4 {Wells} Bf6 $1 {also
leads nowhere fast for white.}) 16... Rfd8 17. h5 {Looks like White has a
strong attack, but in fact after the next move Black is the one who creates
threats quicker.} d4 $1 {Wells: 'Most obviously this enhances the
light-squared bishop, but there are tactical elements to consider here, and
Judit is really setting herself up a very pleasing exchange sacrifice which is
really much more about the dark squares.'} 18. hxg6 hxg6 19. Nxd4 (19. Bd2 Bxb3
20. Qh3 (20. cxb3 Na5+ 21. Kb1 Qxb3 $17) 20... Bf6 21. cxb3 d3 $1 (21... Na5+
22. Kb1 Qxb3 23. Qh7+ Kf8 24. Bb4+) 22. Bc3 Ne5 {and White's position looks
critical anyway.}) 19... Nxd4 20. Rxd4 Rxc3 $1 {[%mdl 896] Wells: 'The point.
It is not too hard to see, especially when the long-diagonal combines with the
open h-file that this is the absolute key piece in the position. Still, the
way in which the necessary defensive aspects of this sacrifice combine with
very potent attacking resources too is a delight to watch. '} (20... Rxd4 21.
Qe5 Bg5+ $8 22. Qxg5 Rxc3 23. bxc3 Qd8 $14 (23... Rd5 {Wells} 24. Qh6 {with
some advantage to white.} (24. Qf6 $2 {Wells} Rd1+ $1))) 21. bxc3 {Wells:
'Regrettably forced from white's standpoint. There is a rather better hidden
tactical point underlying black's sacrifice namely that'} (21. Rxd8+ Qxd8 22.
Qxc3 Bg5+ $19) (21. Qe5 {(Wells) fails to} Bf6 $1 22. Qxf6 Rxc2+ $1 23. Kxc2
Bb3+) 21... Rxd4 (21... Bxa3+ {Wells} 22. Kd2 Rxd4+ {is also possible, but the
text has a very unhurried feel about it which emphasises black's utter
confidence that her dark-square domination will carry the day.}) 22. cxd4 Qxd4
{Black is objectively better and from the practical point of view White has
almost no chances to survive against Black's strong attack.} 23. c3 (23. Qb8+
Bf8 $17) 23... Qc5 (23... Bxa3+ 24. Kc2 Qb6 25. Qe5 $1 {for another pawn White
trades queens, which keeps him out of danger.} Qxf2+ 26. Be2 Qf5+ 27. Qxf5
Bxf5+ 28. Bd3 {and the draw is most likely result.}) 24. Kd2 ({preferable is} 
24. Be2 Qxa3+ 25. Kd2 Qb2+ 26. Ke1 {although Black is better here too.}) 24...
Bg5+ (24... Bf6 $5) 25. Kc2 (25. Ke1 {again he had to run to e1.} Bf6 26. Be2
$15 {[%cal Ge1f1] /-/+}) 25... Kg7 {'!' Wells. Wells: 'The patience that comes
from such a qualitative superiority of force. I'm sure Judit didn't feel as if
she was material down here. Her pieces have an enduring superiority which
belies the simple number-crunching of relative material values.'} 26. Bd3 (26.
Be2 Qd5 $1 {[%cal Gd5a2]}) 26... Bf6 27. Rb1 (27. Be2 Qxa3 $19) 27... Qxc3+ 28.
Kd1 Bg5 29. Ke2 Bg4+ $1 30. Kf1 Bf4 $1 {The triumph of black bishops.} (30...
Bf4 31. Qxf4 Qxd3+) 0-1

[Event "EU-Cup 18th"]
[Site "Kallithea"]
[Date "2002.09.28"]
[Round "7.1"]
[White "Maki, Veijo"]
[Black "Atakisi, Umut"]
[Result "1/2-1/2"]
[WhiteElo "2384"]
[BlackElo "2361"]
[Annotator "Rogozenco,D"]
[PlyCount "96"]
[EventDate "2002.09.22"]
[EventType "team-swiss"]
[EventRounds "7"]
[EventCountry "GRE"]
[SourceTitle "CBM 092"]
[Source "ChessBase"]
[SourceDate "2003.02.06"]
[SourceVersion "1"]
[SourceVersionDate "2003.02.06"]
[SourceQuality "1"]
[WhiteTeam "Taraus"]
[BlackTeam "Istanbul Teknik Uni"]
[WhiteTeamCountry "FIN"]
[BlackTeamCountry "TUR"]

1. e4 c5 2. Nf3 Nc6 3. d4 cxd4 4. Nxd4 Nf6 5. Nc3 e5 6. Ndb5 d6 7. Bg5 a6 8.
Na3 b5 9. Bxf6 gxf6 10. Nd5 Bg7 11. Bd3 Ne7 12. Nxe7 Qxe7 13. c4 f5 14. O-O O-O
15. Qf3 Re8 $5 {Since Black is having problems in the main 15...bxc4 line
after the game Anand-Kasimdzhanov, switching to 15...Re8 is one of the very
few playable alternatives for the moment. The idea of 15...Re8 is to protect
against 16...exf5, after which Black will have 16...e4. Placing a rook to e8
is somewhat committal, the rook might often be useful on the f-file (after the
advance f7-f5 later), but one cannot have everything...} (15... bxc4 16. Nxc4
d5 17. exd5 e4 18. Qe3 Bb7 19. d6 Qf6 20. Bc2 f4 21. Qh3 Rac8 22. b3 Qg5 23. d7
$1 Rc6 24. Bxe4 Rh6 25. Qf5 Qh4 26. h3 Rf6 27. d8=Q Rxd8 28. Qa5 Bxe4 29. Qxd8+
Bf8 30. f3 Bf5 {1-0 Anand,V-Kasimdzhanov,R/Hyderabad (rapid) 2002.}) (15... f4
$5 {This rare move is also interesting. Black is hoping for a quick kingside
attack.}) 16. Rfe1 (16. Rad1 $5) 16... b4 (16... f4 $6 17. cxb5 Qg5 18. Bc4 Be6
(18... Bg4 19. Qb3 {[%csl Rf7] In opposite to immediate 15...f4, here pawn f7
is attacked.} Qg6 20. f3 Bh3 21. Re2 $16) 19. Bxe6 Rxe6 20. bxa6 (20. Red1 $142
$16) 20... d5 21. Nb5 dxe4 22. Qxe4 Rexa6 23. Nc3 Rb8 24. b3 Kh8 {with some
compensation, 0-1 Reinaldo Castineira,R-Cheparinov,I/Mondariz ESP 2002 (43)})
17. Nc2 f4 18. Nxb4 {Most critical.} (18. Be2 Rb8 19. b3 Kh8 $13 {1/2-1/2
Shirov,A-Kramnik,V/Linares 2000 (33)}) 18... Rb8 (18... Qg5 $5 19. h3 Rb8 20.
Nd5 Rxb2 21. Reb1 Rd2 22. Rd1 Rb2 23. Rdb1 Rd2 24. Rd1 {1/2-1/2 Pilgaard,
K-Horvath,P/Budapest 2002}) 19. Nc6 Qg5 20. Nxb8 Bg4 21. Qxg4 Qxg4 22. Nxa6 {
The position is evaluated by Kramnik as unclear. Black must create something
quick on the kingside, otherwise White will just push the queenside pawns. In
my opinion White should be better with an accurate play.} f3 (22... Re6 23. Be2
$16 {[%cal Ge2f3]}) 23. g3 Re6 24. Bf1 Rh6 25. Re3 Qh5 26. h3 f5 27. exf5 (27.
Nb4 $142 {White must bring the knight into play. He can parry Black's
attacking attempts:} Rg6 (27... fxe4 28. Nd5 $16) (27... f4 28. g4 Qg6 (28...
Rg6 29. Rxf3 Qh4 30. Bg2 ({or} 30. Ra3 f3 31. Rxf3 h5 32. Rg3) 30... h5 31.
gxh5 Qxh5 32. Kh1) 29. Rxf3 Qxe4 (29... Rh4 30. Rb3 h5 31. Nd5 $18 {[%cal
Gf2f3,Gd5e7]}) 30. Rb3 f3 31. Nd5 Rh4 (31... Re6 32. Bd3 Qd4 33. Bf5 $18) 32.
Bd3 Rxg4+ 33. Kf1 $18) 28. exf5 Qxf5 29. Nd5 $16) 27... Qxf5 28. Rae1 $2 (28.
Nb4 {again this was called for.} e4 29. Nd5 Re6 $13) 28... Rg6 $1 {Black has
good counterplay now.} 29. Kh2 (29. Nb4 Rxg3+ 30. fxg3 f2+ 31. Kg2 fxe1=Q 32.
Rxe1 e4 $132 {[%csl Rb2][%cal Gf5f3]}) 29... Qc2 30. Rxf3 Rf6 31. Rxf6 Bxf6 32.
Kg1 e4 33. Nb4 Qd2 34. Nd5 $1 {Buiding up a fortress. Black will not be able
to break through.} Qxe1 (34... Bd4 $2 35. Re2) 35. Nxf6+ Kf7 36. Nd5 Ke6 (36...
Qd2 37. b4 (37. Nc3 e3 $17) 37... Qxa2 38. b5 Ke6 39. h4 $11) 37. b4 e3 (37...
Qa1 38. b5 Qxa2 $11) 38. Nxe3 Qxb4 39. Nd5 Qa3 40. Ne3 Qxa2 41. Bd3 h6 42. Be4
Ke5 43. Bd5 $11 Qd2 44. Kg2 Kd4 45. Nf5+ Kc5 46. h4 Qc1 47. Kf3 Qd1+ 48. Kg2
Qc1 1/2-1/2

[Event "Moscow Aeroflot op-A"]
[Site "Moscow"]
[Date "2006.02.12"]
[Round "5"]
[White "Galkin, Alexander"]
[Black "Khairullin, Ildar"]
[Result "1-0"]
[WhiteElo "2616"]
[BlackElo "2533"]
[Annotator "Rogozenco,D"]
[PlyCount "120"]
[EventDate "2006.02.08"]
[EventType "swiss"]
[EventRounds "9"]
[EventCountry "RUS"]
[SourceTitle "CBM 112"]
[Source "ChessBase"]
[SourceDate "2006.06.07"]
[SourceVersion "1"]
[SourceVersionDate "2006.06.07"]
[SourceQuality "1"]

1. e4 c5 2. Nf3 Nc6 3. d4 cxd4 4. Nxd4 Nf6 5. Nc3 e5 6. Ndb5 d6 7. Bg5 a6 8.
Na3 b5 9. Bxf6 gxf6 10. Nd5 Bg7 11. Bd3 Ne7 12. Nxe7 Qxe7 13. c4 f5 14. O-O O-O
15. Qf3 d5 16. cxd5 fxe4 17. Bxe4 Rb8 {A popular position in the last years
thanks to Radjabov's efforts.} 18. Rfd1 ({The young Russian Ildar Khairullin
already had a bad experience in the present opening line:} 18. Rad1 Rb6 (18...
Qd7 19. d6 Rb6 20. Qc3 Rxd6 21. Bf5 $1) 19. Qd3 Rh6 ({As demonstrated more
than once by Radjabov, after the correct} 19... Qd7 $1 $44 {Black is doing
okay.}) 20. Bf5 Bxf5 21. Qxf5 e4 22. Rd2 Qh4 23. h3 Rh5 24. Qg4 Qxg4 25. hxg4
Rh4 26. Nc2 Rxg4 27. Ne3 Rg5 28. d6 $16 {Smirnov-Khairullin, Tomsk 2004}) 18...
Qd7 (18... f5 19. d6 $36) (18... Rb6 19. Rac1 $14 f5 $140 $2 20. Rxc8 $18) 19.
d6 Rb6 20. Qd3 Rd8 21. Rac1 Bf8 22. Rc7 (22. Rxc8 $2 Rxc8 23. Bxh7+ Kg7 24. Be4
Rxd6 25. Qg3+ Kh8 26. Qxe5+ Bg7 $17 {0-1 Vasquez,R (2546)-Atakisi,U (2304)/
Mallorca 2004 (48)}) (22. Qg3+ Bg7 23. Qh4 Rxd6 24. Bxh7+ Kf8 25. Qb4 Bb7 26.
Nc2 Qe7 $11 {0-1 Vallejo Pons,F (2663)-Radjabov,T (2656)/Linares 2004 (60)})
22... Qxc7 23. Bxh7+ $146 {This is the only remaining practically unexplored
attempt for White to achieve advantage in the 15.Qf3-line. Everything else
proved to be not dangerous for Black.} (23. dxc7 Rxd3 24. Rxd3 Rd6 $1 $15 25.
Rg3+ Bg7 26. Kf1 Rd7 27. Nc2 Rxc7 28. Ne3 {1/2-1/2 Hernandez,G (2530)-Vera,R 
(2444)/Cullera 2004/CBM 101 ext}) 23... Kg7 24. dxc7 Rxd3 25. Bxd3 Rc6 ({
Another possibility to fight for a draw is} 25... Bxa3 26. bxa3 Rc6) 26. Nc2 {
When commenting about this position in annotations to the above-mentioned game
Vallejo-Radjabov, 2004, I wrote "Black's pair of bishops secures some
compensation for the pawn. But I don't see reasons for White to avoid such an
endgame". The problem for Black is that in spite of his bishop pair White has
no weaknesses and therefore Black cannot organize any activity. With an
accurate play the second player should be able to achieve a draw, but after
the present game this line will become less attractive for Black, since in the
whole variation he is basically fighting only for a draw.} f5 ({Probably
better chances for a draw would have offered the recommendation from CBM 110} 
26... Rxc7 27. Ne3 Be6 {For instance:} 28. Kf1 Bc5 (28... Rd7 29. Ke2 $14) 29.
Rc1 (29. Ke2 Bd4 30. b3 $14) 29... Bxa2 30. Ra1 Be6 31. Rxa6 b4 $14) 27. Ne3 e4
28. Bb1 Rxc7 29. g4 $1 {A very strong move. It may seem that the exchange of
pawns does not favour White, but after 29...fxg4 Black's pawn on g4 will be
weak, while White's minor pieces will coordinate very well.} fxg4 ({After} 
29... f4 30. Nd5 Rf7 {White must keep the tension with} 31. h3 $1 ({Weaker is} 
31. Bxe4 Bxg4 32. Rc1 Be6 33. Rc6 (33. Nc7 Bxa2 34. Nxa6 Bc4 {is also not
particularly dangerous for Black}) 33... Bxd5 34. Bxd5 Rd7 {and Black must
achieve a draw.})) 30. Bxe4 Be6 31. Bf5 $1 $16 (31. a3 Kh6 $1 (31... Kf6 32.
Bf5 $1 Bxf5 $140 $2 33. Nd5+ $18) 32. Bf5 (32. Kg2 Kg5 33. Kg3 Bg7 $14) 32...
Bxf5 33. Nxf5+ Kg5 $132) 31... Bf7 (31... Bxa2 32. Ra1 $16) 32. Bxg4 ({The
game move is even stronger than} 32. a3 Be7 33. Bxg4 Bf6 34. Rd2 Rc1+ 35. Kg2
Rb1 $16) 32... Bxa2 33. Ra1 Bf7 34. Rxa6 Rc1+ 35. Kg2 Rb1 36. h4 $1 {The pawn
goes to h6, which will create many tactical ideas for White against enemy's
king.} Rxb2 37. h5 Ra2 38. h6+ Kg8 39. Rf6 Ra7 (39... Bc5 40. Kf3 (40. h7+ Kh8
41. Rxf7 $2 Bxe3 $11) 40... Bxe3 41. fxe3 $18) 40. Bf5 b4 41. Rb6 Re7 $18 {
With the rook behind the pawn and the bishop on the diagonal b1-h7, Black's
passed pawn does not represent any danger for White. Black cannot prevent
opponent's play on the kingside.} 42. Ng4 Kh8 43. Kg3 b3 (43... Bh5 44. Nf6 Bd1
(44... Rf7 45. f4 b3 46. Bd3 Bd1 47. Bg6 $18) 45. Nd7 Rf7 46. Be6 Rf3+ 47. Kg2
Bxh6 48. Bg4 $18) 44. f4 Bh5 45. Ne5 $18 Be8 46. Rf6 Kg8 47. h7+ Rxh7 48. Bxh7+
Kxh7 49. Rb6 Ba4 50. Nd3 Kg7 51. Nb2 Be8 52. Rxb3 Bf7 53. Rb6 Be7 54. Nd3 Bg6
55. Ne5 Bf5 56. Ng4 Bd8 57. Ra6 Be4 58. Ne3 Bf6 59. Kg4 Bd3 60. Rd6 Kf8 {
An impressive win by Alexander Galkin.} 1-0

[Event "Chalapathi GM"]
[Site "Guntur"]
[Date "2000.04.14"]
[Round "12"]
[White "Sandipan, Chanda"]
[Black "Shariyazdanov, Andrey"]
[Result "0-1"]
[WhiteElo "2424"]
[BlackElo "2612"]
[Annotator "Rogozenco,D"]
[PlyCount "92"]
[EventDate "2000.04.03"]
[EventType "tourn"]
[EventRounds "13"]
[EventCountry "IND"]
[EventCategory "10"]
[SourceTitle "CBM 077"]
[Source "ChessBase"]
[SourceDate "2000.07.27"]
[SourceVersion "1"]
[SourceVersionDate "2000.07.27"]
[SourceQuality "1"]

1. e4 c5 2. Nf3 Nc6 3. d4 cxd4 4. Nxd4 Nf6 5. Nc3 e5 6. Ndb5 d6 7. Bg5 a6 8.
Na3 b5 9. Nd5 Be7 10. Bxf6 Bxf6 11. c3 Bg5 12. Nc2 Ne7 13. a4 bxa4 14. Rxa4 $6
(14. Ncb4) 14... Nxd5 15. exd5 {As it is often the case, after exd5 Black has
a pleasant position.} (15. Qxd5 Be6 16. Qd1 Qb6 $11 {/=/+.}) 15... O-O $11 {
/=/+.} 16. Bc4 a5 17. O-O Bd7 18. Ra2 Qc8 (18... f5 $15) 19. Be2 Qc5 20. Qd3
Rac8 21. b4 axb4 (21... Qxc3 $6 22. Qxc3 Rxc3 23. bxa5 Rfc8 24. Nb4 $132) 22.
cxb4 Qc7 23. b5 Rb8 24. Rb1 Rb6 25. Na3 Rfb8 26. Rc2 (26. Qb3 $15) 26... Qa7
27. Rcb2 g6 28. Qc3 Bd8 29. Bd3 R6b7 30. Qb4 Bb6 $17 {Now that Black succeeded
to bring his Bishop on the g1-a7 diagonal, the evaluation is clear: Black has
a big positional advantage.} 31. Qb3 (31. Qxd6 Bc5 32. Qxe5 Qxa3 $19) 31... Bc5
32. Ra2 Ra8 33. Rba1 Qb8 34. h3 Kg7 35. Kh2 Qd8 36. Nb1 Rxa2 37. Rxa2 Qh4 38.
Qb2 Bd4 39. Qe2 Qf4+ 40. Kg1 Qc1+ 41. Kh2 Qf4+ (41... Bxb5 42. Bxb5 Qxb1 $19 {
is also winning, but Black probably didn't want to swap the poor placed Knight
on b1.}) 42. Kg1 f5 43. Nd2 e4 44. Bc4 Bxb5 45. Bxb5 Rxb5 46. Nf1 Rb1 0-1

[Event "Chalapathi GM"]
[Site "Guntur"]
[Date "2000.04.10"]
[Round "8"]
[White "Barua, Dibyendu"]
[Black "Shariyazdanov, Andrey"]
[Result "0-1"]
[WhiteElo "2555"]
[BlackElo "2612"]
[Annotator "Rogozenco,D"]
[PlyCount "78"]
[EventDate "2000.04.03"]
[EventType "tourn"]
[EventRounds "13"]
[EventCountry "IND"]
[EventCategory "10"]
[SourceTitle "CBM 077"]
[Source "ChessBase"]
[SourceDate "2000.07.27"]
[SourceVersion "1"]
[SourceVersionDate "2000.07.27"]
[SourceQuality "1"]

1. e4 c5 2. Nf3 Nc6 3. d4 cxd4 4. Nxd4 Nf6 5. Nc3 e5 6. Ndb5 d6 7. Bg5 a6 8.
Na3 b5 9. Nd5 Be7 10. Bxf6 Bxf6 11. c3 Bg5 12. Nc2 Ne7 {Shariyazdanov's
speciality. An interesting move order, which shows how many possibilities are
at Black's disposal.} (12... O-O {seem to lead to equal positions.}) 13. h4 (
13. a4 bxa4 14. Nxe7 Qxe7 15. Rxa4 Bb7 16. Bd3 O-O 17. O-O $11 {1/2-1/2
Ivanovic,B-Shariyazdanov,A/Budapest 1999/(52)}) (13. Ncb4 O-O 14. a4 Nxd5 15.
Nxd5 bxa4 16. Qxa4 Bd7 17. Qa5 Qb8 18. Qb6 Be6 19. Bc4 Bxd5 20. Qxb8 Raxb8 21.
Bxd5 Rxb2 $11 {1/2-1/2 Prasad,D-Shariyazdanov,A/Biel 1999/(29)}) 13... Bh6 14.
Ncb4 (14. Nxe7 Qxe7 15. Nb4 Qb7 16. Qd5 Qxd5 (16... O-O 17. Rd1 (17. Be2 a5 18.
Nc6 Be6 19. Qxd6 Rfe8 $44)) 17. Nxd5 Rb8 18. Be2 Bb7 19. Rd1 Rc8 20. Rh3 Rc5
21. Rhd3 $14 {1-0 Goloshchapov,A-Shariyazdanov,A/Swidnica rapid 1997(46)})
14... O-O 15. Nxe7+ Qxe7 16. Nd5 Qb7 $11 17. g4 Bf4 {A typical reaction after
White's g2-g4.} 18. Bg2 Be6 19. Nxf4 exf4 20. Qxd6 f3 $1 21. Bxf3 Bxg4 22. Bg2
(22. Bxg4 $2 Qxe4+ $19) 22... Rad8 23. Qf4 Be6 24. O-O Rd3 $44 {White is a
pawn up, but he's got many weaknesses and Black controls the d-file. The
position is balanced, with equal chances.} 25. Rfd1 Rfd8 26. Rxd3 Rxd3 27. a3
h6 28. Bf1 Rd8 29. Be2 {[%cal Ga1d1]} Bb3 {[%csl Rd1]} 30. Kh2 Qd7 31. Rg1 Qd2
32. Qf3 (32. Qf6 g6 33. e5 {and the things will probably end with a perpetual
after the sac on g6 somewhere.}) 32... Kh8 33. c4 Qxb2 {taking the pawn,
defending the Bishop and the pawn on g7!} 34. Qxf7 bxc4 35. Rg6 Qe5+ 36. f4 c3
$1 37. Qxb3 Qxf4+ 38. Kg1 $4 {This blunder was probably made in a time trouble.
Pity, the game was interesting and both players played creatively.} (38. Kh3
Qe3+ 39. Rg3 Qxe2 40. Qxc3 Qf1+ 41. Kh2 $11) 38... Qe3+ 39. Kf1 Rf8+ (39...
Rf8+ 40. Kg2 (40. Ke1 Qd2#) 40... Rf2+ $19) 0-1